000 01142 a2200217 4500
005 20080902111918.0
008 080902t xxu||||| |||| 00| 0 hin d
010 _aHIN-82871
020 _c100.00
_a9788190504942
035 _aHN-55217
037 _bपु.प्र.अ.प्र/प्रका
082 _a509.2
100 _aत्रिपाठी, जगदीश
245 _aमहान वैज्ञानिक आइजक न्यूटन /
_cजगदीश त्रिपाठी
246 _aMahan vaigyanik Issac Newton
_bby Jagdish Tripathy
260 _aकानपुर
_bआशा प्रकाशन
_c2007
270 _a118/390, कौशलपुरी
_bकानपुर
_e208012
_k09935017105
300 _a80पृ
_c22 सेमी (सजिल्द)
_bसचित्र
942 _adpl
_cHN
_k509.2 / त्रिपाठी
_2ddc
_h509.2
_mत्रिपाठी
999 _c11207
_d11207